000 01307nam2a22002651 4500
001 rc\3123495
005 20250530080641.0
035 _a(NLR Aleph) 007312343
090 _a5823191
_c5823191
100 _a20120615d1974 |||y0rusy50 ca
101 0 _arus
102 _aRU
105 _ay z |||||
200 1 _aОрганизация труда и заработной платы
_f[ЦНИИЭИуголь]
210 _d1974
_aБ. м.
215 _a81 с.
225 1 _a...
_vСб. 26
300 _aНа обл. только загл. сер.
320 _aСписки лит.: с. 47 (6 назв.) и с. 64 (9 назв.)
461 0 _1001rc\3123493
_12001#$aОрганизация производства и труда на предприятиях угольной промышленности$e[Сборник статей$fРед. совет: А.К. Харченко (пред.) и др.]$vТ. 2
_95823176
_cМосква
_d1975
_fРед. совет: А.К. Харченко (пред.) и др.]
_nБ. и.
_o[Сборник статей
_tОрганизация производства и труда на предприятиях угольной промышленности
_vТ. 2
801 0 _aRU
_bNLR
_gpsbo
801 1 _aRU
_bELAR
_2rusmarc
852 _aNLR
_jП22/3451
942 _cBOOK
980 _aNB